000 00401nam a2200169Ia 4500
008 210210b1997 xxu||||| |||| 00| 0 eng d
020 _a8171333133
082 _a591 KOTZ
100 _aKOTPAL (R L).
245 _aZoology Phylum-7 Mollusca.
250 _a
260 _aMeerut
_bRastogi Publications
_c1997
300 _aviii,240
650 _aMollusca
690 _aZoology
906 _a055292
999 _c102874
_d102874